[Event "World Rapid 2018"]
[Site "St Petersburg RUS"]
[Date "2018.12.27"]
[Round "8.78"]
[White "Borisenko, Viacheslav"]
[Black "Zhigalko, Andrey"]
[Result "0-1"]
[WhiteTitle "IM"]
[BlackTitle "GM"]
[WhiteElo "2289"]
[BlackElo "2545"]
[WhiteFideId "14115824"]
[BlackFideId "13502247"]
[EventDate "2018.12.26"]

1. e4 c5 2. Nf3 d6 3. c3 Nf6 4. Bc4 Nc6 5. Qe2 Bg4 6. O-O e6 7. d3 Be7 8. Bb3
O-O 9. h3 Bh5 10. Bf4 d5 11. Nbd2 b5 12. Rfe1 Rc8 13. Nf1 c4 14. dxc4 dxe4 15.
cxb5 exf3 16. Qe3 fxg2 17. Ng3 Na5 18. Bxe6 fxe6 19. Qxe6+ Rf7 20. Be5 Bf3 21.
Bd4 Bd5 22. Qa6 Bf8 23. Rad1 Bb7 24. Qe6 Qd5 25. Qxd5 Bxd5 26. Bxf6 Bxa2 27. Bd4
Bc4 28. b6 axb6 29. Bxb6 Nc6 30. b4 g6 31. Ne4 Ne5 32. Kxg2 Nd3 33. Re3 Nf4+ 34.
Kh2 Nd5 35. Ree1 Nxb6 36. Nd6 Bxd6+ 37. Rxd6 Nd5 38. Kg3 Nxc3 0-1

[Event "World Rapid 2018"]
[Site "St Petersburg RUS"]
[Date "2018.12.27"]
[Round "8.79"]
[White "Vastrukhin, Oleg"]
[Black "Shaposhnikov, Evgeny"]
[Result "1/2-1/2"]
[BlackTitle "GM"]
[WhiteElo "2413"]
[BlackElo "2576"]
[WhiteFideId "4192770"]
[BlackFideId "4122232"]
[EventDate "2018.12.26"]

1. Nf3 c5 2. g3 Nc6 3. Bg2 g6 4. O-O Bg7 5. c4 Nh6 6. Nc3 Nf5 7. b3 b6 8. Bb2
Bb7 9. e3 O-O 10. g4 Nh6 11. h3 e5 12. Nd5 f5 13. Nh2 Nb4 14. Nxb4 Bxg2 15. Kxg2
cxb4 16. d4 e4 17. f4 g5 18. a3 gxf4 19. exf4 bxa3 20. Bxa3 d6 21. g5 Nf7 22.
Re1 Nh8 23. h4 Ng6 24. Kg3 h6 25. Qh5 Kh7 26. Nf1 d5 27. Bxf8 Qxf8 28. Ne3 Nxf4
29. Kxf4 Qd6+ 30. Kxf5 Rf8+ 31. Kg4 Rf3 32. Qe8 hxg5 33. Qh5+ Kg8 34. Qe8+ Kh7
35. Qh5+ Kg8 36. Qe8+ Kh7 37. Qh5+ Kg8 38. Qe8+ Kh7 1/2-1/2

[Event "World Rapid 2018"]
[Site "St Petersburg RUS"]
[Date "2018.12.27"]
[Round "8.80"]
[White "Vishnu Prasanna, V"]
[Black "Iljiushenok, Ilia"]
[Result "1-0"]
[WhiteTitle "GM"]
[BlackTitle "GM"]
[WhiteElo "2518"]
[BlackElo "2533"]
[WhiteFideId "5030692"]
[BlackFideId "24105074"]
[EventDate "2018.12.26"]

1. d4 Nf6 2. c4 c5 3. d5 b5 4. cxb5 a6 5. e3 g6 6. Nc3 Bg7 7. a4 O-O 8. Nf3 Bb7
9. e4 e6 10. dxe6 fxe6 11. e5 Ng4 12. Be2 Nxe5 13. Be3 Nxf3+ 14. gxf3 Qe7 15.
Ne4 Bxe4 16. fxe4 Bxb2 17. Rb1 Bc3+ 18. Kf1 axb5 19. axb5 Be5 20. h4 Ra3 21. Rb3
Ra4 22. h5 Rxe4 23. hxg6 hxg6 24. Rg1 c4 25. Rxg6+ Kh7 26. Bd3 Kxg6 27. Bxe4+
Kg7 28. Qg4+ Kh8 29. Bd4 Qg7 30. Bxe5 1-0

[Event "World Rapid 2018"]
[Site "St Petersburg RUS"]
[Date "2018.12.27"]
[Round "8.81"]
[White "Sokolov, Andrei2"]
[Black "Tregubov, Pavel V."]
[Result "0-1"]
[WhiteTitle "IM"]
[BlackTitle "GM"]
[WhiteElo "2532"]
[BlackElo "2592"]
[WhiteFideId "11600306"]
[BlackFideId "4115341"]
[EventDate "2018.12.26"]

1. c4 c5 2. Nf3 Nc6 3. g3 Nf6 4. Bg2 d5 5. cxd5 Nxd5 6. O-O e5 7. Nc3 Nc7 8. d3
f6 9. Nd2 Be6 10. Qa4 Qd7 11. Bxc6 bxc6 12. Nde4 Bh3 13. Re1 Ne6 14. f3 Be7 15.
Be3 Rb8 16. Rab1 Nd4 17. Rec1 Be6 18. Qd1 f5 19. Nf2 O-O 20. b3 Rf6 21. Bg5 Rg6
22. Bxe7 Qxe7 23. e3 Nb5 24. Ne2 Bd5 25. e4 fxe4 26. dxe4 Be6 27. f4 exf4 28.
Nxf4 Rf6 29. e5 Rf5 30. Nxe6 Qxe6 31. Rxc5 Rxe5 32. Rxe5 Qxe5 33. Qe1 Qf6 34.
Qe4 Rf8 35. Rf1 Nd4 36. Kg2 c5 37. h4 h6 38. Qd5+ Kh8 39. Qxc5 Qf3+ 40. Kh2 Ne2
41. Qe5 Rf5 42. Qd6 Kh7 43. b4 Nc3 44. Qe6 Ne4 45. Nxe4 Qxf1 46. a4 Rf8 47. b5
Qf5 48. Qxf5+ Rxf5 49. Nd6 Rf2+ 50. Kh3 Ra2 51. b6 axb6 52. Nc4 Rxa4 53. Nxb6
Rd4 54. Nc8 Kg6 55. Ne7+ Kf6 56. Nc6 Re4 57. Kg2 Rc4 58. Na5 Rc3 59. Nb7 Ke5 60.
Kh3 Kd5 61. Kg4 g6 62. Kf4 Rc4+ 63. Ke3 Rc7 0-1

[Event "World Rapid 2018"]
[Site "St Petersburg RUS"]
[Date "2018.12.27"]
[Round "8.82"]
[White "Zakhartsov, Vladimir"]
[Black "Gabrielian, Artur"]
[Result "0-1"]
[WhiteTitle "IM"]
[BlackTitle "GM"]
[WhiteElo "2486"]
[BlackElo "2499"]
[WhiteFideId "4145097"]
[BlackFideId "4131002"]
[EventDate "2018.12.26"]

1. c4 c5 2. Nc3 Nc6 3. g3 g6 4. Bg2 Bg7 5. e3 e5 6. Nge2 Nge7 7. a3 O-O 8. Rb1
a5 9. O-O d6 10. d3 Bg4 11. Nd5 Nxd5 12. cxd5 Ne7 13. h3 Bd7 14. b4 cxb4 15.
axb4 a4 16. Ba3 b5 17. d4 e4 18. Bxe4 Bxh3 19. Re1 Qd7 20. Qd3 h5 21. Bh1 h4 22.
e4 Rac8 23. gxh4 Rc4 24. Qg3 Bg4 25. f3 Bh5 26. Rbc1 Rfc8 27. Rxc4 Rxc4 28. Rc1
Qc7 29. Qf4 Nc8 30. Rxc4 Qxc4 31. Kf2 Qa2 32. Qc1 Nb6 33. Qb2 Qb3 34. Qxb3 axb3
35. Bc1 Na4 36. Ke3 Bh6+ 37. Kd3 b2 38. Bxb2 Nxb2+ 39. Kc2 Na4 40. Bg2 Bf8 41.
Ng1 Bg7 42. Kd3 Nb2+ 43. Kc3 Na4+ 44. Kd3 Bf6 45. Bf1 Bxh4 46. Ke3 Nc3 47. Kd2
Na2 48. Ke3 0-1

[Event "World Rapid 2018"]
[Site "St Petersburg RUS"]
[Date "2018.12.27"]
[Round "8.83"]
[White "Lomasov, Semyon"]
[Black "Shinkevich, Vitaly"]
[Result "1-0"]
[WhiteTitle "IM"]
[BlackTitle "IM"]
[WhiteElo "2553"]
[BlackElo "2439"]
[WhiteFideId "24164879"]
[BlackFideId "4122690"]
[EventDate "2018.12.26"]

1. d4 Nf6 2. c4 e6 3. Nf3 Bb4+ 4. Nbd2 d5 5. Qa4+ Nc6 6. e3 Bd7 7. Qc2 O-O 8. a3
Bd6 9. b4 a6 10. Bb2 Re8 11. Rd1 Bf8 12. Bd3 Ne7 13. O-O Ng6 14. Rfe1 a5 15. b5
dxc4 16. Bxc4 c6 17. bxc6 Bxc6 18. Ne5 Nxe5 19. dxe5 Nd5 20. e4 Nb6 21. Bb3 Qe7
22. Bd4 Qc7 23. Bxb6 Qxb6 24. Nc4 Qc5 25. Nd6 Qxc2 26. Bxc2 Red8 27. a4 Ra6 28.
Bd3 Rb6 29. Nb5 g5 30. h4 h6 31. hxg5 hxg5 32. g3 Bb4 33. Rf1 g4 34. f4 gxf3 35.
Kf2 Kg7 36. Kxf3 f6 37. exf6+ Kxf6 38. Kf4 Rxd3 39. Rxd3 Bxb5 40. e5+ Kg6 41.
axb5 Rxb5 42. Ke4 Be7 43. Rd7 Rb4+ 44. Kd3 Bg5 45. Rd6 Rb3+ 46. Kc4 a4 47. Rxe6+
Kh5 48. Re8 b5+ 49. Kd5 a3 50. Ke6 Kg4 51. Rg8 a2 52. Ra1 Ra3 53. Kd5 b4 54. Kc4
b3 55. Kc3 b2+ 56. Kxb2 Rxg3 57. Re1 Rg2+ 58. Ka1 Kf5 59. Re8 Kg6 60. Ra8 Kf7
61. e6+ Ke7 62. Ra7+ Ke8 63. Rxa2 Rxa2+ 64. Kxa2 Ke7 65. Kb3 Kd6 66. Kc4 Be7 67.
Re4 Bf6 68. Kd3 Be7 69. Ke3 1-0

[Event "World Rapid 2018"]
[Site "St Petersburg RUS"]
[Date "2018.12.27"]
[Round "8.84"]
[White "Zablotsky, Sergei"]
[Black "Dzhumagaliev, Yan"]
[Result "0-1"]
[WhiteTitle "GM"]
[BlackTitle "FM"]
[WhiteElo "2511"]
[BlackElo "2410"]
[WhiteFideId "4131606"]
[BlackFideId "24100110"]
[EventDate "2018.12.26"]

1. d4 Nf6 2. c4 e6 3. g3 Bb4+ 4. Bd2 Qe7 5. Bg2 Nc6 6. e3 e5 7. d5 Bxd2+ 8. Qxd2
Nb8 9. d6 Qxd6 10. Qxd6 cxd6 11. Nc3 Ke7 12. Nge2 Nc6 13. Rd1 a6 14. O-O b5 15.
cxb5 axb5 16. a3 b4 17. axb4 Rb8 18. b5 Na7 19. Rd2 Nxb5 20. Nxb5 Rxb5 21. Nc3
Rb3 22. Nd5+ Nxd5 23. Bxd5 Rb6 24. Rfd1 Ba6 25. Kg2 Rc8 26. b3 Rc5 27. e4 Rc3
28. f3 Bb5 29. g4 h6 30. h4 Rb8 31. Ra1 Bc6 32. Bc4 g6 33. Rad1 f5 34. Rxd6 fxe4
35. Rxg6 exf3+ 36. Kf2 Rc2+ 37. Ke3 Rxb3+ 38. Bxb3 Re2+ 39. Kd3 Be4+ 40. Kc3
Bxg6 41. Bc4 Rc2+ 42. Kb3 Rg2 43. Rd5 d6 44. Ra5 Rxg4 45. Ra7+ Kf6 0-1

[Event "World Rapid 2018"]
[Site "St Petersburg RUS"]
[Date "2018.12.27"]
[Round "8.85"]
[White "Vaisser, Anatoli"]
[Black "Hirneise, Jens"]
[Result "1/2-1/2"]
[WhiteTitle "GM"]
[BlackTitle "FM"]
[WhiteElo "2505"]
[BlackElo "2371"]
[WhiteFideId "603252"]
[BlackFideId "24614734"]
[EventDate "2018.12.26"]

1. d4 Nf6 2. c4 g6 3. Nc3 Bg7 4. e4 d6 5. f4 O-O 6. Nf3 c5 7. d5 e6 8. Be2 exd5
9. cxd5 Bg4 10. O-O Nbd7 11. Qc2 Ne8 12. Be3 Nc7 13. a4 a6 14. Bf2 Bxf3 15. Bxf3
b5 16. e5 b4 17. exd6 Ne8 18. Ne4 Rc8 19. Be2 c4 20. Bxc4 Nb6 21. Nc5 Nxc4 22.
Qxc4 Nxd6 23. Qxa6 Bxb2 24. Rab1 Bc3 25. Qd3 Qa5 26. Nd7 Rfe8 27. Bd4 Ne4 28.
Bxc3 Rxc3 29. Qd4 Qxa4 30. Ne5 Nd6 31. Ng4 Nf5 32. Nf6+ Kh8 33. Qb6 Re2 34. Rxb4
Qc2 35. Qd8+ Kg7 36. Ne8+ Rxe8 37. Qxe8 Ne3 38. Qe5+ f6 39. Qe7+ Kh6 40. Qe4
Qxe4 41. Rxe4 Nxf1 42. Kxf1 Rd3 43. Re6 Rxd5 44. Rxf6 Kg7 45. Ra6 Rd7 46. Ke2
Rb7 47. Ra3 Kf6 48. Kf3 Rb6 49. g4 h6 50. h4 Rc6 51. Ra4 Rb6 52. g5+ hxg5 53.
hxg5+ Kf7 54. Ra7+ Kf8 55. Rd7 Ke8 56. Rc7 Re6 57. Kg4 Kf8 58. Ra7 Rb6 59. Ra3
Kf7 60. Kf3 Re6 61. Rd3 Ra6 62. Ke4 Re6+ 63. Kf3 Ra6 64. Rd7+ Kf8 65. Ke4 Ke8
66. Rc7 Kf8 67. Ke5 Ra5+ 68. Ke6 Rf5 69. Rc8+ Kg7 70. Rc4 Kf8 71. Rd4 Kg7 72.
Ke7 Rf7+ 73. Kd6 Rf5 74. Ke6 Kf8 75. Re4 Kg7 76. Ke7 Rf7+ 77. Ke6 Rf5 78. Kd7
Kf7 79. Rd4 Kf8 80. Ke6 Kg7 81. Rb4 Kf8 82. Rd4 Kg7 83. Ke7 Rf7+ 84. Kd6 Rf5 85.
Ke6 Kf8 86. Rc4 Kg7 87. Kd6 Kf7 88. Re4 Kg7 89. Ke6 Kf8 90. Rd4 Kg7 91. Ke7 Rf7+
92. Ke8 Rf8+ 93. Kd7 Rf7+ 94. Kc6 Rf5 95. Kd6 Kf7 96. Rc4 Kg7 97. Ke6 Kf8 1/2-1/2

[Event "World Rapid 2018"]
[Site "St Petersburg RUS"]
[Date "2018.12.27"]
[Round "8.86"]
[White "Chen, Qi b"]
[Black "Baron, Tal"]
[Result "0-1"]
[BlackTitle "GM"]
[WhiteElo "2437"]
[BlackElo "2532"]
[WhiteFideId "8614733"]
[BlackFideId "2809958"]
[EventDate "2018.12.26"]

1. e4 c5 2. Nf3 Nc6 3. Bb5 g6 4. Bxc6 bxc6 5. O-O Bg7 6. Re1 Nh6 7. c3 O-O 8. d4
cxd4 9. cxd4 d5 10. e5 f6 11. h3 Nf7 12. exf6 exf6 13. Nc3 g5 14. Nh2 f5 15. f4
Qb6 16. Ne2 g4 17. hxg4 fxg4 18. Be3 Re8 19. Bf2 Bd7 20. b3 Nd6 21. Nf1 h5 22.
Kh1 Ne4 23. Bh4 Bf6 24. Bxf6 Nf2+ 25. Kh2 Nxd1 26. Raxd1 Re6 27. Be5 h4 28. Ne3
Rh6 29. f5 g3+ 30. Kh1 Rf8 31. Ng4 Rh5 32. Nf6+ Rxf6 33. Bxf6 Rxf5 34. Be5 Rf2
35. Ng1 Qa5 36. a4 Qc3 37. Rc1 Qd3 38. Rcd1 Qf5 39. Re2 Rxe2 40. Nxe2 Qc2 41.
Re1 Qd2 0-1

[Event "World Rapid 2018"]
[Site "St Petersburg RUS"]
[Date "2018.12.27"]
[Round "8.87"]
[White "Makoveev, Ilya"]
[Black "Mikhalevski, Victor"]
[Result "1-0"]
[WhiteTitle "FM"]
[BlackTitle "GM"]
[WhiteElo "2257"]
[BlackElo "2579"]
[WhiteFideId "34155748"]
[BlackFideId "2801914"]
[EventDate "2018.12.26"]

1. e4 e5 2. Nf3 Nc6 3. Bc4 Bc5 4. O-O Nf6 5. d3 O-O 6. a4 a5 7. h3 h6 8. Re1 d6
9. c3 Ne7 10. Nbd2 Ng6 11. Nf1 c6 12. Ng3 d5 13. Ba2 Bd6 14. Qc2 Be6 15. d4 dxe4
16. Bxe6 fxe6 17. Nxe4 Nxe4 18. Qxe4 Qf6 19. dxe5 Nxe5 20. Nxe5 Qxf2+ 21. Kh1
Rf5 22. Be3 Qg3 23. Ng4 Raf8 24. Bg1 e5 25. Rad1 Bb8 26. Qe3 Qh4 27. Qe2 Kh8 28.
Rf1 Rf4 29. Bh2 Rxf1+ 30. Rxf1 Re8 31. Qf2 Qd8 32. Qf7 Qc8 33. Qg6 Re6 34. Qf7
Re8 35. Nxh6 gxh6 36. Rf6 1-0

[Event "World Rapid 2018"]
[Site "St Petersburg RUS"]
[Date "2018.12.27"]
[Round "8.88"]
[White "Gordievsky, Dmitry"]
[Black "Steinberg, Nitzan"]
[Result "0-1"]
[WhiteTitle "GM"]
[BlackTitle "GM"]
[WhiteElo "2614"]
[BlackElo "2532"]
[WhiteFideId "24112798"]
[BlackFideId "2801795"]
[EventDate "2018.12.26"]

1. d4 d5 2. Nf3 Nf6 3. e3 Bg4 4. c4 c6 5. h3 Bf5 6. Qb3 Qc7 7. Nc3 e6 8. g4 Bg6
9. Ne5 Nbd7 10. Nxg6 hxg6 11. Bg2 Be7 12. Bd2 Nb6 13. cxd5 exd5 14. Ne2 a5 15.
Qd3 g5 16. Bc3 g6 17. f3 Nfd7 18. e4 Nf8 19. e5 Ne6 20. h4 c5 21. dxc5 Nc4 22.
Rc1 Rd8 23. h5 Nxc5 24. Qb1 Nxe5 25. Rd1 Ne6 26. hxg6 Rxh1+ 27. Bxh1 Nxg6 28.
Qf5 Qh2 29. Kd2 d4 30. Bxa5 d3 31. Re1 Rd7 0-1

[Event "World Rapid 2018"]
[Site "St Petersburg RUS"]
[Date "2018.12.27"]
[Round "8.89"]
[White "Tsoi, Dmitry"]
[Black "Kovalenko, Igor"]
[Result "0-1"]
[WhiteTitle "FM"]
[BlackTitle "GM"]
[WhiteElo "2424"]
[BlackElo "2657"]
[WhiteFideId "24194697"]
[BlackFideId "14117908"]
[EventDate "2018.12.26"]

1. Nf3 d5 2. g3 c6 3. Bg2 Bg4 4. O-O Nd7 5. d3 e6 6. Nbd2 Bd6 7. e4 Ne7 8. h3
Bh5 9. Qe1 Qc7 10. b3 O-O 11. Bb2 Rae8 12. e5 Bc5 13. d4 Bb6 14. a4 c5 15. c3
cxd4 16. cxd4 Rc8 17. Ba3 Rfe8 18. Rc1 Nc6 19. b4 Qd8 20. a5 Bc7 21. a6 Bb6 22.
axb7 Rc7 23. Qe3 Ndb8 24. Nb3 Rxb7 25. Ne1 Bg6 26. Nd3 a6 27. Ndc5 Bxc5 28. Nxc5
Rb6 29. Qc3 Na7 30. Rfd1 Nb5 31. Qe3 h6 32. Bf1 f6 33. Na4 Rb7 34. Nc5 Rb6 35.
Na4 Rc6 36. Bxb5 axb5 37. Nc5 Rc7 38. exf6 Qxf6 39. Ne4 Qd8 40. Rxc7 Qxc7 41.
Nc5 Nc6 42. f4 Nd8 43. Re1 Qa7 44. Ra1 Qf7 45. Qd2 Bh7 46. Kh2 Nb7 47. Bb2 Nd6
48. Qe2 h5 49. Ra6 Ne4 50. Bc1 Bf5 51. Qxb5 Qg6 52. Nxe4 Bxe4 53. Qd7 Kh7 54.
Ra7 Bf3 55. Qc7 Re7 56. f5 Qxf5 57. g4 Rxc7 0-1

[Event "World Rapid 2018"]
[Site "St Petersburg RUS"]
[Date "2018.12.27"]
[Round "8.90"]
[White "Hakobyan, Aram"]
[Black "Zubritskiy, Artyom"]
[Result "0-1"]
[WhiteTitle "GM"]
[BlackTitle "IM"]
[WhiteElo "2545"]
[BlackElo "2442"]
[WhiteFideId "13306677"]
[BlackFideId "4181247"]
[EventDate "2018.12.26"]

1. d4 d5 2. c4 dxc4 3. e3 e5 4. Bxc4 Nc6 5. Nf3 e4 6. Nfd2 Qg5 7. Nxe4 Qxg2 8.
Ng3 Nf6 9. Nc3 Bb4 10. Bf1 Qd5 11. a3 Bxc3+ 12. bxc3 Bg4 13. Qc2 O-O 14. Qa2 Qd7
15. Bg2 Ne5 16. f4 Nf3+ 17. Kf2 Nh4 18. e4 Nxg2 19. Kxg2 Rfe8 20. e5 Qc6+ 21.
Kg1 Bf3 22. c4 Ne4 23. Be3 Nxg3 24. hxg3 Bxh1 25. d5 Qh6 26. g4 Qh3 27. Qh2
Qxe3+ 28. Kxh1 Qe4+ 29. Qg2 Qxf4 0-1

[Event "World Rapid 2018"]
[Site "St Petersburg RUS"]
[Date "2018.12.27"]
[Round "8.91"]
[White "Rechlis, Gad"]
[Black "Hirneise, Tobias"]
[Result "1/2-1/2"]
[WhiteTitle "GM"]
[BlackTitle "IM"]
[WhiteElo "2521"]
[BlackElo "2464"]
[WhiteFideId "2800047"]
[BlackFideId "24600881"]
[EventDate "2018.12.26"]

1. e4 c6 2. d4 d5 3. Nc3 dxe4 4. Nxe4 Nf6 5. Nxf6+ exf6 6. c3 Bd6 7. Bd3 O-O 8.
Ne2 Re8 9. Qc2 h5 10. Be3 Nd7 11. O-O-O Nf8 12. Kb1 Be6 13. Ng3 g6 14. Ne4 f5
15. Nxd6 Qxd6 16. Rhe1 b5 17. f3 a5 18. Ka1 a4 19. Qd2 Nd7 20. Bb1 Nb6 21. Bf4
Qd8 22. Be5 f6 23. Qh6 Bf7 24. Bxf5 Qd5 25. Bb1 fxe5 26. dxe5 Qe6 27. a3 Nc4 28.
Ba2 Rad8 29. f4 Rxd1+ 30. Rxd1 Qg4 31. Rb1 Re6 32. h3 Qxg2 33. Bxc4 bxc4 34. Rd1
Re8 35. f5 Qf3 36. f6 1/2-1/2

[Event "World Rapid 2018"]
[Site "St Petersburg RUS"]
[Date "2018.12.27"]
[Round "8.92"]
[White "Sokolin, Leonid"]
[Black "Guimaraes, Diogo Duarte"]
[Result "1-0"]
[WhiteTitle "IM"]
[BlackTitle "FM"]
[WhiteElo "2508"]
[BlackElo "2278"]
[WhiteFideId "2009161"]
[BlackFideId "2112450"]
[EventDate "2018.12.26"]

1. e4 e5 2. Nf3 Nc6 3. Bb5 Nf6 4. O-O Bc5 5. Nxe5 Nxe5 6. d4 a6 7. dxe5 axb5 8.
exf6 Qxf6 9. Nc3 c6 10. e5 Qg6 11. Qf3 d5 12. exd6 Bxd6 13. Ne4 Be7 14. Re1 O-O
15. a3 Be6 16. Qg3 Rfe8 17. Qxg6 hxg6 18. Bg5 f6 19. Bf4 g5 20. Bd6 Bf8 21. Bxf8
Rxf8 22. Nd6 Bf7 23. Nxb7 Bg6 24. c3 Rf7 25. Nc5 Rd8 26. Rad1 Rff8 27. f3 Bc2
28. Rxd8 Rxd8 29. Kf2 Kf7 30. Ke3 Rd5 31. Ne4 g4 32. Re2 Bd3 33. Rd2 gxf3 34.
gxf3 Bxe4 35. fxe4 Rh5 36. c4 Ke6 37. cxb5 cxb5 38. Kd4 Kd6 39. Rg2 Rh4 40. b4
g5 41. Rf2 Ke6 42. Rf5 Rxh2 43. Rxb5 g4 44. Rb8 Ra2 45. Rg8 Rxa3 46. Rxg4 Ra8
47. Kc4 Rc8+ 48. Kb3 Ke5 49. b5 Kd4 50. Kb4 Rc1 51. Rf4 Rb1+ 52. Ka5 Ke5 53.
Rf5+ Ke6 54. Kb6 Rb4 55. Rf4 Ke5 56. Rf5+ Ke6 57. Rc5 Rxe4 58. Kc7 f5 59. b6 f4
60. b7 Rb4 61. b8=Q Rxb8 62. Kxb8 f3 63. Rc3 1-0

[Event "World Rapid 2018"]
[Site "St Petersburg RUS"]
[Date "2018.12.27"]
[Round "8.93"]
[White "Perdomo, Carlos Andres"]
[Black "Drygalov, Andrey"]
[Result "1/2-1/2"]
[WhiteTitle "IM"]
[BlackTitle "IM"]
[WhiteElo "2301"]
[BlackElo "2481"]
[WhiteFideId "4400852"]
[BlackFideId "24171735"]
[EventDate "2018.12.26"]

1. Nf3 Nf6 2. c4 e6 3. b3 b6 4. Bb2 Bb7 5. e3 Be7 6. Be2 d5 7. O-O O-O 8. Qc2 c5
9. cxd5 Nxd5 10. a3 Nc6 11. d3 Rc8 12. Nbd2 Bf6 13. Ne4 Bxb2 14. Qxb2 Qe7 15.
Rfd1 f5 16. Nc3 Qf6 17. Rac1 f4 18. e4 Nxc3 19. Qxc3 Qxc3 20. Rxc3 Rcd8 21. Rb1
a5 22. Nd2 Nd4 23. Bg4 Nb5 24. Bxe6+ Kh8 25. Rbc1 Nxc3 26. Rxc3 Rfe8 27. Bc4 Bc6
28. a4 g5 29. h3 Kg7 30. Kf1 Kf6 31. Ke2 h5 32. Bb5 Re6 33. Bxc6 Rxc6 34. Nc4
Rb8 35. Na3 g4 36. h4 Ke5 37. Nb5 Rf6 38. Kd2 Rd8 39. Na3 Re6 40. Nb5 Kf6 41.
Kc2 Re7 42. Na3 Rd4 43. Nb5 Rdd7 44. Na3 Re6 45. Nb5 Ke5 46. Na3 Kd6 47. Nb5+
Kc6 48. Rc4 Re8 49. Rc3 Kb7 50. Rc4 Kc6 51. Rc3 Rdd8 52. Na7+ Kd7 53. Nb5 Rc8
54. Na7 Rb8 55. Nb5 Rb7 56. Rc4 Ke6 57. Rc3 Rd7 58. Rc4 Ke5 59. Rc3 Red8 60. Na3
Ke6 61. Nc4 Rb7 62. Na3 Ke5 63. Nb5 Rf7 64. Na3 Rb8 65. Nb5 Rd7 66. Na3 Ke6 67.
Nb5 Rbd8 68. Kd2 Kf6 69. Kc2 Ke5 70. Kd2 Re7 71. Kc2 1/2-1/2

[Event "World Rapid 2018"]
[Site "St Petersburg RUS"]
[Date "2018.12.27"]
[Round "8.94"]
[White "Apryshko, Gleb"]
[Black "Gurvich, Vitaly"]
[Result "1/2-1/2"]
[WhiteTitle "FM"]
[BlackTitle "FM"]
[WhiteElo "2385"]
[BlackElo "2270"]
[WhiteFideId "24131792"]
[BlackFideId "24164852"]
[EventDate "2018.12.26"]

1. e4 c6 2. d4 d5 3. Nd2 dxe4 4. Nxe4 Nf6 5. Nxf6+ exf6 6. c3 Bd6 7. Bd3 O-O 8.
Qc2 Re8+ 9. Ne2 Kh8 10. Be3 Nd7 11. O-O-O Nf8 12. Kb1 Be6 13. c4 a6 14. Nc3 Bb4
15. Ne4 b5 16. Ng3 Rb8 17. Ka1 Qa5 18. Rc1 Rb7 19. h4 Reb8 20. Bf4 Rd8 21. Ne2
Ng6 22. Bg3 h5 23. Rhd1 Bd6 24. d5 cxd5 25. Bxd6 Rxd6 26. c5 Rd8 27. Bxg6 fxg6
28. Nd4 Bd7 29. c6 Rc7 30. Qxg6 Be8 31. Qg3 Bf7 32. Nf5 Be6 33. Nd4 Bf7 34. Nf5
Be6 35. Nd4 Bf7 36. Qa3 Qxa3 37. bxa3 Rdc8 38. Rc5 Kg8 39. a4 bxa4 40. Rb1 Be8
41. Rb6 Kf7 42. Rxa6 g6 43. Kb2 Ke7 44. Ka3 Kd6 45. Rc1 Rb8 46. Kxa4 Ke5 47. Nb5
Rcc8 48. Re1+ Kf4 49. Re6 Kg4 50. g3 f5 51. Ka5 Kf3 52. Nd6 Rxc6 53. Nxe8 Rc5+
54. Ka4 Rc4+ 55. Ka3 Rc3+ 1/2-1/2

[Event "World Rapid 2018"]
[Site "St Petersburg RUS"]
[Date "2018.12.27"]
[Round "8.95"]
[White "Bilguun, Sumiya"]
[Black "Mamatov, Melis"]
[Result "0-1"]
[WhiteTitle "IM"]
[WhiteElo "2497"]
[BlackElo "2223"]
[WhiteFideId "4901541"]
[BlackFideId "13800027"]
[EventDate "2018.12.26"]

1. e4 c5 2. Nf3 d6 3. d4 cxd4 4. Nxd4 Nf6 5. Nc3 e5 6. Nb3 Be6 7. Bg5 Be7 8. Be2
a6 9. Qd2 Nbd7 10. f4 Qc7 11. O-O-O b5 12. Kb1 O-O 13. fxe5 dxe5 14. Bd3 Bb4 15.
Nxb5 Bxd2 16. Nxc7 Bxg5 17. Nxa8 Rxa8 18. h3 a5 19. Nd2 Nc5 20. Rhe1 Nxd3 21.
cxd3 Rd8 22. Nc4 Nd7 23. Nxa5 Nc5 24. Nc6 Rxd3 25. Rxd3 Nxd3 26. Re2 f5 27. Kc2
fxe4 28. Rxe4 Nf4 29. Rxe5 Bf6 30. Re3 Bd7 31. Nb8 Bf5+ 32. Kb3 Nxg2 33. Re2 Nf4
34. Rd2 Be6+ 35. Ka3 Nxh3 36. b4 Ng5 37. Nd7 Be7 38. Nc5 Bc4 39. Ka4 h5 40. Rc2
Bd5 41. b5 h4 42. b6 h3 43. b7 Bd6 44. Rd2 Bc6+ 45. Kb4 Bxc5+ 46. Kxc5 Bxb7 47.
a4 Ne4+ 0-1

[Event "World Rapid 2018"]
[Site "St Petersburg RUS"]
[Date "2018.12.27"]
[Round "8.96"]
[White "Makarov, Marat"]
[Black "Shubin, Kirill"]
[Result "1-0"]
[WhiteTitle "GM"]
[BlackTitle "FM"]
[WhiteElo "2505"]
[BlackElo "2334"]
[WhiteFideId "4101103"]
[BlackFideId "34119962"]
[EventDate "2018.12.26"]

1. Nf3 Nf6 2. c4 e6 3. g3 a6 4. Bg2 b5 5. d3 Bb7 6. Nc3 b4 7. Na4 d5 8. cxd5
Bxd5 9. O-O Be7 10. b3 O-O 11. Nb2 c5 12. Nc4 Nbd7 13. Bb2 a5 14. Rc1 a4 15. e4
Bc6 16. Qe2 Qc7 17. Rfd1 Qb7 18. Nfd2 Ne8 19. f4 Nc7 20. Nf3 f6 21. h4 Nb5 22.
Bh3 f5 23. Ng5 Bxg5 24. hxg5 axb3 25. axb3 Ra2 26. Rd2 Rxb2 27. Rxb2 Nd4 28. Qe3
fxe4 29. dxe4 Ra8 30. Bg2 Qc7 31. Nd2 e5 32. f5 Bb5 33. Bf1 Bc6 34. Bc4+ Kh8 35.
Nf3 Qb7 36. Nh4 Nf8 37. Re1 Bb5 38. Bd5 Bc6 39. Bxc6 Qxc6 40. Qd3 Qb5 41. Qxb5
Nxb5 42. Nf3 Nd7 43. Rd2 Nd4 44. Nxd4 exd4 45. e5 Re8 46. e6 Nf8 47. Re5 g6 48.
g4 h5 49. gxh6 gxf5 50. gxf5 Nh7 51. Rxc5 Nf6 52. Rxd4 Kh7 53. Rxb4 Kxh6 54.
Rbc4 Rb8 55. b4 Kg5 56. Kf2 Rh8 57. b5 Rh2+ 58. Ke3 Rb2 59. Kd3 Ne8 60. Kc3 Rb1
61. Kc2 Rh1 62. b6 Nd6 63. Rd4 Rh2+ 64. Kb3 Nb7 65. Rc7 1-0

[Event "World Rapid 2018"]
[Site "St Petersburg RUS"]
[Date "2018.12.27"]
[Round "8.97"]
[White "Kabanov, Nikolai"]
[Black "Dubrovin, Robert"]
[Result "1/2-1/2"]
[WhiteTitle "GM"]
[WhiteElo "2450"]
[BlackElo "2220"]
[WhiteFideId "4127820"]
[BlackFideId "4501829"]
[EventDate "2018.12.26"]

1. e4 e6 2. d4 d5 3. e5 c5 4. c3 Qb6 5. Nf3 Nc6 6. Be2 cxd4 7. cxd4 Nh6 8. Nc3
Nf5 9. Na4 Qa5+ 10. Kf1 Bd7 11. Bd2 Qd8 12. Bg5 Be7 13. h4 f6 14. exf6 Bxf6 15.
Nc5 Qe7 16. Nxd7 Qxd7 17. Bxf6 gxf6 18. Bb5 O-O 19. Rc1 Rac8 20. g3 Qd6 21. Kg2
Kh8 22. Bxc6 bxc6 23. Qe2 Rg8 24. Rh3 Rg4 25. Ng5 Nxh4+ 26. Rxh4 Rxg5 27. Rh6
Rcg8 28. Rch1 Rxg3+ 29. fxg3 Rxg3+ 30. Kf1 Qf4+ 31. Ke1 Qc1+ 32. Kf2 Qf4+ 33.
Ke1 Qc1+ 34. Kf2 1/2-1/2